00364nam a22001337a 450000500170000000800410001704100130005808200130007110000130008424500450009726000330014230000290017565000260020420240506063028.0240506b |||||||| |||| 00| 0 eng d aEnglish  a349 LAW  lEnglish  aThe Law Reports : King's Bench Division  aLondon:bTHE COUNCIL, c1943 bxiv,776 pages; c25 cm.  aLegal practice bLaw